000 00306nam a22001337a 4500
008 170601b xxu||||| |||| 00| 0 eng d
020 _a9780073375021
041 _aeng
080 _a94
100 _a17
101 _aSHH
245 _aCORRECTION IN THE 21 ST CENTURY
_cSCHMALLEGER.F
942 _2udc
_cBK
999 _c15220
_d15220